000 01362nam a2200421 i 4500
001 13848
003 KOSZ 005
005 20200630132828.0
008 080118s1971 pl a f |000 0 pol
015 _aPB 1971/6194
035 _a(OCoLC)749380083
040 _aWA N
_cWA N
_dKOSZ 005/EG
046 _k1971
080 _a544.18
080 _a531.1
080 _a530.1
080 _a(075.8)
100 1 _aGumiński, Kazimierz
_d(1908-1983)
_eAutor
245 1 0 _aElementy chemii teoretycznej /
_cKazimierz Gumiński.
250 _aWydanie 2 poprawione.
260 _aWarszawa :
_bPaństwowe Wydawnictwo Naukowe,
_c1971.
300 _a674, [2] stron :
_bilustracje, errata ;
_c23 cm.
336 _2rdacontent
_aTekst
_btxt
337 _2rdamedia
_aBez urządzenia pośredniczącego
_bn
338 _2rdacarrier
_aWolumin
_bnc
380 _aKsiążki.
504 _aBibliografia przy rozdziałach. Indeks.
658 _aChemia
658 _aFizyka i astronomia
655 4 _aPodręczniki akademickie
650 4 _aMechanika kwantowa
650 4 _aMechanika
650 4 _aChemia fizyczna
650 4 _aTermodynamika
710 _aPaństwowe Wydawnictwo Naukowe
_4pbl.
856 _uhttp://koha.tu.koszalin.pl/cgi-bin/koha/opac-detail.pl?biblionumber=13848
_yKatalog online BPK
942 _2UKD
_cKS
999 _c13848
_d13848